| 000 | 00894cam a22002415a 4500 | ||
|---|---|---|---|
| 001 | 15087066 | ||
| 005 | 20180228132444.0 | ||
| 008 | 071119s2008 enka frb 001 0 eng d | ||
| 020 | _a9780199298419 | ||
| 040 |
_aDLC _cDLC _dBTCTA _dBAKER _dYDXCP _dBWKUK _dBWK _dDLC _dEG-ScBUE _beng |
||
| 082 | 0 | 4 |
_222 _a320.3 _bCOM |
| 245 | 0 | 0 |
_aComparative politics / _cedited by Daniele Caramani. |
| 260 |
_aOxford ; _aNew York : _bOxford University Press, _c2008. |
||
| 300 |
_axliv, 786 p. : _bill. (some col.) ; _c27 cm. |
||
| 504 | _aIncludes bibliographical references and index. | ||
| 650 | 7 |
_aPolitical science _xStudy and teaching. _2BUEsh |
|
| 650 | 7 |
_aComparative government. _2BUEsh _96707 |
|
| 651 | _2BUEsh | ||
| 653 |
_bGGEN _cFebruary2018 |
||
| 700 | 1 |
_aCaramani, Daniele, _d1968- _eeditor. |
|
| 856 | 4 | 1 |
_3Table of contents only _uhttp://www.loc.gov/catdir/toc/ecip085/2007047245.html |
| 942 | _2ddc | ||
| 999 |
_c26207 _d26179 |
||